Karl Kraus et les docteurs de l'âme (Record no. 149129)

MARC details
000 -LEADER
campo de control de longitud fija 00613nam a2200181 4500
001 - NÚMERO DE CONTROL
campo de control 149129
003 - IDENTIFICADOR DE NÚMERO DE CONTROL
campo de control ES-MaACL
005 - FECHA Y HORA DE LA ÚLTIMA TRANSACCIÓN
campo de control 20230906202949.0
007 - CAMPO FIJO DE DESCRIPCIÓN FÍSICA--INFORMACIÓN GENERAL
campo de control de longitud fija t|
008 - DATOS DE LONGITUD FIJA--INFORMACIÓN GENERAL
campo de control de longitud fija 070214s1985 sp r ||||1| fre d
020 ## - NÚMERO INTERNACIONAL ESTÁNDAR DEL LIBRO
Número Internacional Estándar del Libro 2-01-010957-0
100 1# - ENTRADA PRINCIPAL--NOMBRE DE PERSONA
Nombre de persona Szasz, Thomas.
9 (RLIN) 108983
245 10 - MENCIÓN DEL TÍTULO
Título Karl Kraus et les docteurs de l'âme
Resto del título : un pionier et sa critique de la psychiatrie et de la psychanalise /
Mención de responsabilidad, etc. Thomas Szasz ; traduit par Pierre Emmanuel Dauzat.
260 ## - PUBLICACIÓN, DISTRIBUCIÓN, ETC.
Lugar de publicación, distribución, etc. [s.l.] :
Nombre del editor, distribuidor, etc. Hachette,
Fecha de publicación, distribución, etc. 1985.
300 ## - DESCRIPCIÓN FÍSICA
Extensión 222 p. ;
Dimensiones 21 cm.
700 1# - ENTRADA AGREGADA--NOMBRE PERSONAL
Nombre de persona Dauzat, Pierre-Emmanuel.
9 (RLIN) 42849
852 ## - LOCALIZACIÓN
Ubicación ES-MaACL
Número de control de estantería L-11692
Sublocalización o colección R.111511
Holdings
Estatus retirado Estado de pérdida Estado de daño No para préstamo Biblioteca de origen Biblioteca actual Ubicación en estantería Fecha de adquisición Fuente de adquisición Total de préstamos Signatura topográfica completa Código de barras Visto por última vez Precio de reemplazo Tipo de ítem Koha
        Biblioteca del Ateneo de Madrid Biblioteca del Ateneo de Madrid Depósito 2 17/01/2008     L-11692 1155619 23/02/2023 23/02/2023 Libro impreso